01015nam a2200289 4500003000400000005001700004008004100021020001500062040001800077041000800095050002000103100003500123245009800158264006300256300003500319336002200354337002400376338002400400500006500424650003100489650006600520700003400586700003900620700003500659942001400694999001700708OSt20260601193524.0260506b2003 sp |a||| |||| 00| 0 spa d a8495275961 aICIbspacICI aeng aNK2195.R4bM678 1aMostaedi, Arian,eautor935510 1aDesign bars /cArian Mostaedi ; editor Carles Broto, Josep Ma Minguet ; asesora Pilar Chueca aBarcelona, España :bInstituto Monsa de Ediciones,c2002 a286 páginas :bilustraciones atexto2rdacontent asin medio2rdamedia avolumen2rdacarrier aEditado para Bibliotecas de Países en vías de desarrollo 2BaresxDecoración935511 2Decoración de interioresaArquitectura de interiores935512 aBroto, Carles,eeditor935513 1aMinguet, Josep Ma.,eeditor935514 1aChueca, Pilar,easesora935515 2lcccBn1 c21124d21124